Statistics for The Star Signs

Click here to take the quiz!

General Stats

  • This quiz has been taken 13 times
  • The average score is 10 of 12

Answer Stats

Star Sign% Correct
Cancer
92%
Leo
92%
Aquarius
85%
Aries
85%
Pisces
85%
Sagittarius
85%
Virgo
85%
Capricorn
77%
Libra
77%
Gemini
69%
Scorpio
69%
Taurus
62%

Score Distribution

Percentile by Number Answered

Percent of People with Each Score

Your Score History

You have not taken this quiz